000 01180nam a2200217 4500
005 20250506114643.0
008 250506b |||||||| |||| 00| 0 eng d
020 _a9781639875610
037 _cTextual
040 _aRTL
_cRTL
084 _aU43 R1
_qRTL
100 _aDiego, Ian
_9754397
245 _aUrban geography
260 _aNew York
_bMurphy and moore
_c2021
300 _avii, 233 p. ill.
520 _aThe branch of geography concerned with the cities, urban life, built environment and urban processes is known as urban geography. It attempts to understand the flow of natural and economic resources, development of infrastructure, governance, institutional activities and socio-spatial inclusions and exclusions. Some of the major areas of study under this discipline are urban planning, urban anthropology and urban sociology. On the basis of their roles in the city system, urban geography classifies cities into central places and specialized-function cities, transportation cities.
650 _aGeographical study of population
_9754398
650 _aUrban growth
_9445707
650 _aDemographic models
_9754400
942 _2CC
_n0
_cTB
_hU43 R1
999 _c1311808
_d1311808